00492 a2200133 4500001001000000005001700010008004100027245013500068100002100203700002100224700003200245773006400277999001700341ART_6091820260410162055.0260409a 10aLa actividad ganadera de cría: las complejidades de la NUA y el proyecto N° 52 de la resolución técnica. Un caso práctico1 aTonelli, Omar E.1 aSimaro, Jorge D.1 aMartinefski, María Inés0 tConsultor agropecuariog- Nº 67 (jun./jul. 2024)wREV56842 c36172d36172